Southville International School and Colleges
Your cart is empty.
  • Cart
  • Lists
    Public lists Eva Luna New books Lux_list list_1
    Your lists Log in to create your own lists
  • Log in to your account
  • Your cookies
  • Search history
Southville International School and Colleges
  • Advanced search
  • Recent comments
  • Most popular
  • Libraries

Log in to your account

Log in with GOOGLE


If you do not have an external account, but do have a local account, you can still log in:

  1. Home
  2. MARC view: New syllabus mathematics 3
Normal view MARC view ISBD view

New syllabus mathematics 3 (Record no. 291052)

[ view plain ]
MARC details
000 -LEADER
fixed length control field 00744nam a22002057a 4500
003 - CONTROL NUMBER IDENTIFIER
control field LC
005 - DATE AND TIME OF LATEST TRANSACTION
control field 20170327164512.0
008 - FIXED-LENGTH DATA ELEMENTS--GENERAL INFORMATION
fixed length control field 160302b xxu||||| |||| 00| 0 eng d
020 ## - INTERNATIONAL STANDARD BOOK NUMBER
International Standard Book Number 9789812379320
050 ## - LIBRARY OF CONGRESS CALL NUMBER
Classification number QA 273 .Y46 2015
100 ## - MAIN ENTRY--PERSONAL NAME
Personal name Yeo, Joseph
245 ## - TITLE STATEMENT
Title New syllabus mathematics 3
Statement of responsibility, etc Dr. Joseph Yeo. consultant Dr. Yeap Ban Har ; Teh Keng Seng, Loh Cheng Yee, Ivy Chow, Ong Chan Ong, Jacinth Liew
250 ## - EDITION STATEMENT
Edition statement 7th edition.
260 ## - PUBLICATION, DISTRIBUTION, ETC. (IMPRINT)
Place of publication, distribution, etc Singapore :
Name of publisher, distributor, etc Shinglee Publishers Pte Ltd.
Date of publication, distribution, etc 1982,2015
300 ## - PHYSICAL DESCRIPTION
Extent 431 pages.,
Other physical details colored.,illustrations.
Dimensions 21 cm.
650 ## - SUBJECT ADDED ENTRY--TOPICAL TERM
Topical term or geographic name as entry element Mathematics -- Singapore -- Textbooks (Secondary)
650 ## - SUBJECT ADDED ENTRY--TOPICAL TERM
Topical term or geographic name as entry element Mathematics -- Problems, exercises, etc.
650 ## - SUBJECT ADDED ENTRY--TOPICAL TERM
Topical term or geographic name as entry element Mathematics.
942 ## - ADDED ENTRY ELEMENTS (KOHA)
Source of classification or shelving scheme Library of Congress Classification
Koha item type Books
Holdings
Withdrawn status Lost status Source of classification or shelving scheme Damaged status Home library Current library Shelving location Date acquired Source of acquisition Sub Shelving location Total Checkouts Total Renewals Full call number Barcode Date last seen Date checked out Price effective from Koha item type
    Library of Congress Classification   Luxembourg Library Luxembourg Library Teachers Reference Section 03/02/2016 Library Fund   7 34 QA 273 .Y46 2015 20137 09/03/2020 07/23/2020 03/02/2016 Books

New syllabus mathematics 3

APA

Yeo J., . (19822015). New syllabus mathematics 3. Singapore: Shinglee Publishers Pte Ltd.

Chicago

Yeo Joseph, . 19822015. New syllabus mathematics 3. Singapore: Shinglee Publishers Pte Ltd.

Harvard

Yeo J., . (19822015). New syllabus mathematics 3. Singapore: Shinglee Publishers Pte Ltd.

MLA

Yeo Joseph, . New syllabus mathematics 3. Singapore: Shinglee Publishers Pte Ltd. 19822015.

  • Place hold
  • Print
  • Cite
  • Add to your cart (remove)
  • Save record
    BIBTEX Dublin Core MARCXML MARC (non-Unicode/MARC-8) MARC (Unicode/UTF-8) MARC (Unicode/UTF-8, Standard) MODS (XML) RIS
  • More searches
    Search for this title in:
    Other Libraries (WorldCat) Other Databases (Google Scholar) Online Stores (Bookfinder.com) Open Library (openlibrary.org)

Exporting to Dublin Core...

SOUTHVILLE LIBRARY

Southville International School and Colleges Library

1281 Tropical Ave. Cor. Luxembourg St., BF Homes International, Las Pinas City

Tel. No. 8256374 / 252358 Loc. 117/146

Powered by Koha